[ Nové formy služieb občanom ]
Z obsahu: Prečo pečiatky presluhujú. Elektronickej verejnej správe netreba dať viac peňazí, ale koordináciu, procesné riadenie a tlak vlády. Procesy a vzdelávanie sú dôležitejšie ako technológie. Bez registrov pôjdu verejné on-line služby na pol plynu. Hľadá sa nástupca obcana.sk. Ako sa bude e-obča...
Saved in:
| Main Author: | |
|---|---|
| Format: | Book Chapter |
| Language: | Slovak |
| Subjects: | |
| Tags: |
No Tags, Be the first to tag this record!
|
MARC
| LEADER | 00000naa$a2200000$$$4500 | ||
|---|---|---|---|
| 001 | 0026305 | ||
| 005 | 20231009081036.1 | ||
| 041 | 0 | |a slo | |
| 044 | |a SK | ||
| 245 | 1 | 0 | |a [ Nové formy služieb občanom ] |c Jozef Andacký ... [ et.al ] |
| 520 | |a Z obsahu: Prečo pečiatky presluhujú. Elektronickej verejnej správe netreba dať viac peňazí, ale koordináciu, procesné riadenie a tlak vlády. Procesy a vzdelávanie sú dôležitejšie ako technológie. Bez registrov pôjdu verejné on-line služby na pol plynu. Hľadá sa nástupca obcana.sk. Ako sa bude e-občan identifikovať e-úradníkovi, sa ešte nevie. | ||
| 610 | 2 | 0 | |a správa verejná |
| 610 | 2 | 0 | |a služby obyvateľstvu |
| 610 | 2 | 0 | |a elektronizácia |
| 610 | 2 | 0 | |a koordinácia |
| 610 | 2 | 0 | |a riadenie procesné |
| 610 | 2 | 0 | |a vzdelávanie |
| 610 | 2 | 0 | |a technológie nové |
| 610 | 2 | 0 | |a registre |
| 100 | 1 | |a Andacký, Jozef | |